| 000 | 00445nam a22001337a 4500 | ||
|---|---|---|---|
| 008 | 140910b xxu||||| |||| 00| 0 eng d | ||
| 050 | _aKE1232.A45.C36(1990 vol.1) | ||
| 245 |
_aCanadian cases on the Law of Torts: second series annotated. / _cedited by John Irvine. |
||
| 260 |
_aToronto: _bCarswell, _c1990. |
||
| 300 |
_axxvii,320p.: _c23cm. |
||
| 440 |
_pCanadian cases on the Law of Torts. _vvol1. |
||
| 800 | _aIrvine, John. | ||
| 942 |
_2lcc _cBK |
||
| 999 |
_c4599 _d12099 |
||